000 00324nam a22001337a 4500
008 170511b xxu||||| |||| 00| 0 eng d
020 _a9780136084396
041 _aeng
080 _25 ED
_a331
100 _a15
101 _aSHJ
245 _aLABOR RELATIONS AND COLLECTIVE BARGAIN
_cCARRELL.M.R
942 _2udc
_cBK
999 _c13266
_d13266